La ternura /
שמור ב:
| מחבר ראשי: | |
|---|---|
| פורמט: | ספר |
| שפה: | ספרדית |
| יצא לאור: |
Madrid, España :
Altamarea,
2024, c2024
|
| מהדורה: | 4a edición |
| סדרה: | (Barlovento/Altamarea ;
19) |
| נושאים: | |
| תגים: |
אין תגיות, היה/י הראשונ/ה לתייג את הרשומה!
|
MARC
| LEADER | 00000nam^a2200000^a^4500 | ||
|---|---|---|---|
| 001 | 000592412 | ||
| 005 | 20250521000000.0 | ||
| 009 | 20260310132946.846 | ||
| 020 | |a 978-84-19583-53-6 | ||
| 037 | |a Acervo ITESO - Biblioteca | ||
| 041 | |a ESP | ||
| 082 | |a 863. |b DUC | ||
| 100 | |a Ducay, Paula |e (autor) | ||
| 245 | 1 | 3 | |a La ternura / |c P. Ducay. |
| 250 | |a 4a edición | ||
| 264 | 4 | |a Madrid, España : |b Altamarea, |c 2024, c2024 | |
| 300 | |a 114 p. | ||
| 336 | |a texto |b txt |2 rdacontenido | ||
| 337 | |a sin mediación |b n |2 rdamedio | ||
| 338 | |a volumen |b nc |2 rdasoporte | ||
| 440 | 1 | |a (Barlovento/Altamarea ; |v 19) | |
| 521 | |a FIL 2024 DIA | ||
| 649 | |a XX | ||
| 650 | |a Novela Española | ||
| 650 | |a Literatura de Mujeres - |z España | ||
| 650 | |a Literatura Española - |y Siglo XXI | ||
| 650 | |a Relaciones de Pareja en la Literatura | ||
| 650 | |a Amor en la Literatura | ||
| 650 | |a Italia en la Literatura | ||
| 910 | |a Fondo General | ||
| 920 | |a Impresos - Libros | ||
| 930 | |a Colección General | ||
| 940 | |a Literatura | ||
| 905 | |a 101 | ||
| 901 | |a 592960-10 |b IT1 |c LIT |i D188496 |u 20250521 | ||
| 902 | |a https://opac.biblio.iteso.mx/vufind/Record/000592412 | ||